000 00851cam a22002651 4500
001 ca 35000848
003 DLC
005 20260227111139.0
007 cr_|||||||||||
008 891212s1922 nyu 000 0 eng
010 _aca 35000848
035 _a(OCoLC)20770755
040 _aDLC
_cRPB
_dDLC
042 _apremarc
050 0 0 _aPS2609.A37
_bS8
082 _a812.5
100 1 _aSullivan, Vincent Philamon,
_d1887-
245 1 0 _aOnce upon a midnight,
_ba dramatization of Poes̓ "Raven",
_cby Vincent P. Sullivan.
260 _aNorwich, N.Y.,
_bF.J. Stanton,
_cc1922.
300 _a[8] p.
_c16 cm.
490 0 _aThe Peerless series.
_vno. 71
530 _aAlso available in digital form on the Internet Archive Web site.
700 1 _aPoe, Edgar Allan,
_d1809-1849.
_tRaven.
856 4 1 _uhttp://hdl.loc.gov/loc.gdc/scd0001.00162558377
999 _c17905
_d17905